000 00506nam a2200157 i 4500
001 149296
003 ES-MaACL
007 t|
008 071019s1929 sp ||||1| spa d
100 1 _aVegue y Goldoni, Ángel,
_d1877-1939
_9113653
245 1 0 _aNovísima guía
_b: España y Portugal : manual del viajero y del turista /
_cAngel Vegue y Goldoni.
260 _aMadrid :
_bFrancisco Beltrán,
_c1929.
300 _a2 v. ;
_c16 cm.
852 _aES-MaACL
_jB-6781-82
999 _c149296
_d149296